TLK [Zakopane - Szczecin Główny] wszystkie stacje pociągu - Statystyki

Ogólne statystyki
  • Ten quiz został rozwiązany 78 razy
  • Średni wynik to 27 z 44
Statystyki odpowiedzi
Odpowiedź % Poprawnych
Zakopane
96%
Kraków Główny
85%
Szczecin Główny
85%
Poronin
74%
Gdańsk Główny
72%
Gdańsk Oliwa
72%
Gdańsk Wrzeszcz
72%
Gdynia Główna
72%
Nowy Targ
72%
Szczecin Dąbie
72%
Tczew
72%
Sopot
70%
Warszawa Centralna
70%
Warszawa Wschodnia
70%
Malbork
68%
Warszawa Zachodnia
68%
Kielce Główne
66%
Koszalin
66%
Słupsk
66%
Iława Główna
64%
Lębork
64%
Radom Główny
64%
Wejherowo
64%
Chabówka Stadion
60%
Rumia
60%
Skarżysko-Kamienna
60%
Nowy Dwór Mazowiecki
57%
Ciechanów
55%
Legionowo
55%
Piaseczno
55%
Sławno
55%
Stargard
55%
Białogard
53%
Działdowo
51%
Prabuty
51%
Warka
51%
Mława Miasto
47%
Jędrzejów
45%
Maków Podhalański
45%
Świdwin
43%
Łobez
40%
Sędziszów
38%
Chociwel
34%
Runowo Pomorskie
32%
Nie znaleziono quizów pasujących do podanych kryteriów
Rozkład punktacji
Procent ludzi z każdym wynikiem
Percentyl według liczby udzielonych odpowiedzi
Twoja historia wyników
Nie rozwiązałeś tego quizu